Видеоигры по краткому описанию их сюжета или лора - Statistics

General Stats
  • This quiz has been taken 17 times
  • The average score is 10 of 30
Answer Stats
Описание Игра % Correct
В Чернобыльской зоне отчуждения произошла новая крупная катастрофа, благодаря которой там образовались локальные явления странной природы, порождающие собой предметы с невероятными свойствами S.T.A.L.K.E.R.
88%
Усатый сантехник должен спасти принцессу из лап дракона-черепахи Super Mario Bros.
75%
Фармацевтическая мега-корпорация создаёт опаснейший зомби-вирус Resident Evil
69%
Таксист в Америке тридцатых подвозит раненного итальянского преступника до ресторана, где заседает влиятельный криминальный национальный клан, и становится его подручным Mafia
63%
После ядерного апокалипсиса выжили преимущественно участники государственной программы убежищ и их потомки, которые впоследствии начали потихоньку выходить наружу в бесплодные пустоши Fallout
56%
Мужчина получает письмо от своей покойной жены, зовущей его на курорт, где они когда-то отдыхали, однако, приехав на место, он обнаруживает жуткий покинутый туманный город у озера Silent Hill 2
50%
На огромную заброшенную космическую станцию посылают простого инженера, обнаружившего на ней крайне враждебную паразитическую форму жизни Dead Space
44%
Альтернативная история, где нацистская Германия побеждает во Второй мировой войне и захватывает Соединённые Штаты, и незначительной группе повстанцев предстоит освободить страну и мир из-под оккупации Wolfenstein
44%
В огромном лабораторном комплексе в горе в Нью-Мексико происходит катастрофа, приведшая к инопланетному оккупационному вторжению на Землю Half-Life
38%
Несколько бонз мирового криминального мира через безумного и беспринципного румынского учёного искусственно создали идеального клона-убийцу Hitman
38%
Студентка арт-колледжа получает способность перематывать время назад Life Is Strange
38%
Главного героя нанимают на работу проверяющим на КПП в тоталитарном государстве Papers, Please
38%
Пленённый неизвестными спецслужбами бывший американский оперативник пытается под воздействием психотропных препаратов и техник вспомнить значения чисел, неведомым образом отпечатавшихся в его памяти Call of Duty: Black Ops
31%
В знававшем лучшие времена городе маньяк похищает чужих маленьких мальчиков, сажает их в ливнестоки и требует от родителей выполнять опасные задания в обмен на часть координат, где содержатся их дети Heavy Rain
31%
Группа из четверых выживших пытается прорываться сквозь орды зомби Left 4 Dead
31%
Ребёнок падает внутрь горы в подземелье, населённое монстрами, загнанными туда после их войны с людьми Undertale
31%
Писатель отправляется в отпуск в лес посреди гор, чтобы бороться с тяжёлым творческим кризисом, однако из своей хижины однажды ночью попадает в мир, населённый зловещими и опасными тенями Alan Wake
25%
Мужчина в своей квартире получает на автоответчик неявные заказы на ликвидацию штаб-квартир преступных группировок Hotline Miami
25%
Нью-йоркский коп мстит воротилам наркобизнеса за убийство своей жены и маленькой дочери Max Payne
25%
В фэнтезийной Польше люди нанимают особых воинов-мутантов для борьбы с нечистью The Witcher
25%
В недалёком будущем учёные научились создавать виртуальную симуляцию на основе генетической памяти людей Assassin's Creed
19%
США после глобального катаклизма оказались разрозненными по причине осадков, моментально физически старящих тех, кто под них попадает Death Stranding
19%
В мире тайно проходит боевой чемпионат лучших бойцов, от которого зависит судьба всего человечества Mortal Kombat
19%
Маленький ребёнок прячется от своей сумасшедшей религиозной матери в подвале их дома The Binding of Isaac
19%
Военный спецагент высаживается на захваченной тайной ядерно-ракетной базе США, дабы ликвидировать группу захватчиков-террористов, угрожающих всему миру атомной войной Metal Gear Solid
13%
Молодой парень с больной девушкой приезжают на лошади по длинному мосту в древний храм, где неизвестный дух, живущий под куполом, соглашается вылечить девушку в обмен на убийство парнем 16-ти каменных исполинов Shadow of the Colossus
13%
Девушка прибывает в свой отчий деревянный дом на лоне природы, каждая комната в котором рассказывает историю членов её семьи What Remains of Edith Finch
13%
Случайный мужчина в Нью-Йорке, находясь под влиянием неизвестных потусторонних сил, убивает в туалете закусочной мужчину и вырезает себе на запястьях ножом символ двуглавого змея Fahrenheit
6%
Неделя из жизни полупустынной американской дыры, населённой маргиналами Postal 2
6%
В городе на границе Техаса и Мексики брату тяжело раненного агента ЦРУ предстоит разобраться с верхушкой наркомафии Total Overdose
6%
No matching quizzes found
Score Distribution
Percent of People with Each Score
Percentile by Number Answered
Your Score History
You have not taken this quiz